000
00301nam a22001217a 4500
008
160504b xxu||||| |||| 00| 0 eng d
020
_a
01947648(2014)35(1)
020
_a
01947648
041
_a
eng
080
_a
61
245
_a
Journal of legal medicine:
_c
Journal of Legal Medicine;
942
_2
udc
_c
BK
999
_c
1768
_d
1768